000 00589nam a2200181 4500
001 112910
003 ES-MaACL
005 20230906185709.0
007 t|
008 061121s1968 sp r ||||1| spa d
100 1 _aMury, Gilbert.
_984665
245 1 0 _aCristianismo primitivo y mundo moderno /
_cGilbert Mury ; prólogo de José M. González Ruiz ; [traducción de José M. González Ruiz].
250 _a[1ª ed.].
260 _aBarcelona :
_bPenínsula,
_c1968.
300 _a157 p. ;
_c20 cm.
700 1 _aGonzález Ruiz, José M.
_958942
852 _aES-MaACL
_jC-50494
_bR.65720
999 _c112910
_d112910